| 000 | 00547nam a22001577a 4500 | ||
|---|---|---|---|
| 008 | 160709b xxu||||| |||| 00| 0 eng d | ||
| 020 | _a0134402154 | ||
| 050 | _aGB 54.5.M39 1996 | ||
| 100 |
_aMcKnight, Tom L. _d1996 |
||
| 245 |
_aPhysical geography: _ba landscape appreciation / _c Tom L.McKnight |
||
| 250 | _a5th ed. | ||
| 260 |
_aNew Jersey: _bPrentice Hall, _c1996. |
||
| 300 |
_axiii,612 p. : ill. _bIncludes bibliographical references and index. |
||
| 650 | _aPhysical geography. | ||
| 942 |
_2lcc _cBOOKS _hGB 54.5.M39 1996 _03 |
||
| 999 |
_c11466 _d11466 |
||